All Star Wars Video Games - Statistics

General Stats
  • This quiz has been taken 60 times
    30 since last reset
  • The average score is 144 of 382
Answer Stats
Platform Release Title % Correct
Macintosh 2005 Star Wars: Battlefront
83%
PlayStation 2 2004 Star Wars: Battlefront
83%
PlayStation 4 2015 Star Wars: Battlefront
83%
Windows 2004 Star Wars: Battlefront
83%
Windows 2015 Star Wars: Battlefront
83%
Xbox 2004 Star Wars: Battlefront
83%
Xbox One 2015 Star Wars: Battlefront
83%
J2ME 2006 LEGO Star Wars
78%
Game Boy Advance 2005 LEGO Star Wars: The Video Game
78%
GameCube 2005 LEGO Star Wars: The Video Game
78%
Macintosh 2005 LEGO Star Wars: The Video Game
78%
PlayStation 2 2005 LEGO Star Wars: The Video Game
78%
Windows 2005 LEGO Star Wars: The Video Game
78%
Xbox 2005 LEGO Star Wars: The Video Game
78%
PlayStation 2 2005 Star Wars: Battlefront II
78%
PlayStation 4 2017 Star Wars: Battlefront II
78%
PSP 2005 Star Wars: Battlefront II
78%
Windows 2005 Star Wars: Battlefront II
78%
Windows 2017 Star Wars: Battlefront II
78%
Xbox 2005 Star Wars: Battlefront II
78%
Xbox One 2017 Star Wars: Battlefront II
78%
Android 2016 LEGO Star Wars: The Force Awakens
72%
iPhone 2016 LEGO Star Wars: The Force Awakens
72%
Macintosh 2016 LEGO Star Wars: The Force Awakens
72%
Nintendo 3DS 2016 LEGO Star Wars: The Force Awakens
72%
PlayStation 3 2016 LEGO Star Wars: The Force Awakens
72%
PS Vita 2016 LEGO Star Wars: The Force Awakens
72%
Wii U 2016 LEGO Star Wars: The Force Awakens
72%
Windows 2016 LEGO Star Wars: The Force Awakens
72%
Xbox 360 2016 LEGO Star Wars: The Force Awakens
72%
Xbox One 2016 LEGO Star Wars: The Force Awakens
72%
Amiga 1989 Star Wars
72%
Amstrad CPC 1987 Star Wars
72%
Arcade 1983 Star Wars
72%
Atari 2600 1984 Star Wars
72%
Atari 5200 1984 Star Wars
72%
Atari 8-bit 1984 Star Wars
72%
Atari ST 1989 Star Wars
72%
BBC Micro 1987 Star Wars
72%
ColecoVision 1984 Star Wars
72%
Commodore 64 1984 Star Wars
72%
DOS 1989 Star Wars
72%
Electron 1987 Star Wars
72%
Game Boy 1992 Star Wars
72%
Game Gear 1993 Star Wars
72%
Macintosh 1989 Star Wars
72%
NES 1987 Star Wars
72%
NES 1991 Star Wars
72%
SEGA Master System 1993 Star Wars
72%
ZX Spectrum 1987 Star Wars
72%
Amiga 1988 Star Wars: Return of the Jedi
72%
Amstrad CPC 1988 Star Wars: Return of the Jedi
72%
Arcade 1984 Star Wars: Return of the Jedi
72%
Atari ST 1988 Star Wars: Return of the Jedi
72%
BBC Micro 1988 Star Wars: Return of the Jedi
72%
Commodore 64 1988 Star Wars: Return of the Jedi
72%
ZX Spectrum 1988 Star Wars: Return of the Jedi
72%
Android 2015 LEGO Star Wars: The Complete Saga
67%
iPhone 2013 LEGO Star Wars: The Complete Saga
67%
Macintosh 2010 LEGO Star Wars: The Complete Saga
67%
Nintendo DS 2007 LEGO Star Wars: The Complete Saga
67%
PlayStation 3 2007 LEGO Star Wars: The Complete Saga
67%
Wii 2007 LEGO Star Wars: The Complete Saga
67%
Windows 2009 LEGO Star Wars: The Complete Saga
67%
Xbox 360 2007 LEGO Star Wars: The Complete Saga
67%
PlayStation 4 2016 LEGO Star Wars: The Force Awakens
67%
Nintendo Switch 2022 LEGO Star Wars: The Skywalker Saga
67%
PlayStation 4 2022 LEGO Star Wars: The Skywalker Saga
67%
PlayStation 5 2022 LEGO Star Wars: The Skywalker Saga
67%
Windows 2022 LEGO Star Wars: The Skywalker Saga
67%
Xbox One 2022 LEGO Star Wars: The Skywalker Saga
67%
Xbox Series 2022 LEGO Star Wars: The Skywalker Saga
67%
PlayStation 1999 Star Wars: Episode I - The Phantom Menace
67%
Windows 1999 Star Wars: Episode I - The Phantom Menace
67%
Android 2014 Star Wars: Knights of the Old Republic
67%
iPhone 2013 Star Wars: Knights of the Old Republic
67%
Macintosh 2004 Star Wars: Knights of the Old Republic
67%
Windows 2003 Star Wars: Knights of the Old Republic
67%
Xbox 2003 Star Wars: Knights of the Old Republic
67%
GameCube 2002 Star Wars: The Clone Wars
67%
J2ME 2008 Star Wars: The Clone Wars
67%
PlayStation 2 2002 Star Wars: The Clone Wars
67%
Xbox 2003 Star Wars: The Clone Wars
67%
Amiga 1988 Star Wars: The Empire Strikes Back
67%
Amstrad CPC 1988 Star Wars: The Empire Strikes Back
67%
Arcade 1985 Star Wars: The Empire Strikes Back
67%
Atari 2600 1982 Star Wars: The Empire Strikes Back
67%
Atari ST 1988 Star Wars: The Empire Strikes Back
67%
BBC Micro 1988 Star Wars: The Empire Strikes Back
67%
Commodore 64 1988 Star Wars: The Empire Strikes Back
67%
Game Boy 1992 Star Wars: The Empire Strikes Back
67%
Intellivision 1983 Star Wars: The Empire Strikes Back
67%
J2ME 2007 Star Wars: The Empire Strikes Back
67%
NES 1992 Star Wars: The Empire Strikes Back
67%
ZX Spectrum 1988 Star Wars: The Empire Strikes Back
67%
Nintendo DS 2008 Star Wars: The Force Unleashed
67%
PlayStation 2 2008 Star Wars: The Force Unleashed
67%
PlayStation 3 2008 Star Wars: The Force Unleashed
67%
PSP 2008 Star Wars: The Force Unleashed
67%
Wii 2008 Star Wars: The Force Unleashed
67%
Xbox 360 2008 Star Wars: The Force Unleashed
67%
Macintosh 2009 Star Wars: The Force Unleashed - Ultimate Sith Edition
67%
Windows 2011 Star Wars: The Old Republic
67%
Macintosh 2011 LEGO Star Wars III: The Clone Wars
61%
Nintendo 3DS 2011 LEGO Star Wars III: The Clone Wars
61%
Nintendo DS 2011 LEGO Star Wars III: The Clone Wars
61%
PlayStation 3 2011 LEGO Star Wars III: The Clone Wars
61%
PSP 2011 LEGO Star Wars III: The Clone Wars
61%
Wii 2011 LEGO Star Wars III: The Clone Wars
61%
Windows 2011 LEGO Star Wars III: The Clone Wars
61%
Xbox 360 2011 LEGO Star Wars III: The Clone Wars
61%
Game Boy Advance 2002 Star Wars: Episode II - Attack of the Clones
61%
Game Boy Advance 2005 Star Wars: Episode III - Revenge of the Sith
61%
Nintendo DS 2005 Star Wars: Episode III - Revenge of the Sith
61%
PlayStation 2 2005 Star Wars: Episode III - Revenge of the Sith
61%
Xbox 2005 Star Wars: Episode III - Revenge of the Sith
61%
PlayStation 4 2019 Star Wars: Jedi - Fallen Order
61%
PlayStation 5 2021 Star Wars: Jedi - Fallen Order
61%
Windows 2019 Star Wars: Jedi - Fallen Order
61%
Xbox One 2019 Star Wars: Jedi - Fallen Order
61%
Xbox Series 2021 Star Wars: Jedi - Fallen Order
61%
PlayStation 5 2023 Star Wars: Jedi - Survivor
61%
Windows 2023 Star Wars: Jedi - Survivor
61%
Xbox Series 2023 Star Wars: Jedi - Survivor
61%
ExEn 2005 Star Wars: Revenge of the Sith
61%
J2ME 2007 LEGO Star Wars II
56%
Game Boy Advance 2006 LEGO Star Wars II: The Original Trilogy
56%
GameCube 2006 LEGO Star Wars II: The Original Trilogy
56%
Macintosh 2007 LEGO Star Wars II: The Original Trilogy
56%
Nintendo DS 2006 LEGO Star Wars II: The Original Trilogy
56%
PlayStation 2 2006 LEGO Star Wars II: The Original Trilogy
56%
PSP 2006 LEGO Star Wars II: The Original Trilogy
56%
Windows 2006 LEGO Star Wars II: The Original Trilogy
56%
Xbox 2006 LEGO Star Wars II: The Original Trilogy
56%
Xbox 360 2006 LEGO Star Wars II: The Original Trilogy
56%
Dreamcast 2000 Star Wars: Episode I - Racer
56%
Game Boy Color 1999 Star Wars: Episode I - Racer
56%
Macintosh 2000 Star Wars: Episode I - Racer
56%
Nintendo 64 1999 Star Wars: Episode I - Racer
56%
Windows 1999 Star Wars: Episode I - Racer
56%
Macintosh 2003 Star Wars: Jedi Knight - Jedi Academy
50%
Windows 2003 Star Wars: Jedi Knight - Jedi Academy
50%
Xbox 2003 Star Wars: Jedi Knight - Jedi Academy
50%
PlayStation 4 2020 Star Wars: Squadrons
50%
Windows 2020 Star Wars: Squadrons
50%
Xbox One 2020 Star Wars: Squadrons
50%
Windows 1997 Star Wars: Jedi Knight - Dark Forces II
44%
Android 2020 Star Wars: Knights of the Old Republic II - The Sith Lords
44%
iPhone 2020 Star Wars: Knights of the Old Republic II - The Sith Lords
44%
Linux 2015 Star Wars: Knights of the Old Republic II - The Sith Lords
44%
Macintosh 2012 Star Wars: Knights of the Old Republic II - The Sith Lords
44%
Windows 2005 Star Wars: Knights of the Old Republic II - The Sith Lords
44%
Xbox 2004 Star Wars: Knights of the Old Republic II - The Sith Lords
44%
DOS 1994 Star Wars: TIE Fighter
44%
DOS 1995 Star Wars: TIE Fighter - Collector's CD-ROM
44%
Linux 2014 Star Wars: TIE Fighter - Collector's CD-ROM
44%
Macintosh 1997 Star Wars: TIE Fighter - Collector's CD-ROM
44%
Windows 2001 Star Wars: TIE Fighter - Collector's CD-ROM
44%
DOS 1993 Star Wars: X-Wing
44%
DOS 1994 Star Wars: X-Wing - Collector's CD-ROM
44%
Linux 2014 Star Wars: X-Wing - Collector's CD-ROM
44%
Macintosh 1996 Star Wars: X-Wing - Collector's CD-ROM
44%
Windows 2000 Star Wars: X-Wing - Collector's CD-ROM
44%
GameCube 2002 Star Wars: Bounty Hunter
39%
PlayStation 2 2002 Star Wars: Bounty Hunter
39%
GameCube 2002 Star Wars: Jedi Knight II - Jedi Outcast
39%
Macintosh 2002 Star Wars: Jedi Knight II - Jedi Outcast
39%
Windows 2002 Star Wars: Jedi Knight II - Jedi Outcast
39%
Xbox 2002 Star Wars: Jedi Knight II - Jedi Outcast
39%
PlayStation 2 2002 Star Wars: Jedi Starfighter
39%
Xbox 2002 Star Wars: Jedi Starfighter
39%
Xbox 2001 Star Wars: Obi-Wan
39%
Arcade 2003 Star Wars: Starfighter
39%
PlayStation 2 2001 Star Wars: Starfighter
39%
Windows 2002 Star Wars: Starfighter
39%
Xbox 2001 Star Wars: Starfighter
39%
Nintendo DS 2010 Star Wars: The Force Unleashed II
39%
PlayStation 3 2010 Star Wars: The Force Unleashed II
39%
Wii 2010 Star Wars: The Force Unleashed II
39%
Windows 2010 Star Wars: The Force Unleashed II
39%
Xbox 360 2010 Star Wars: The Force Unleashed II
39%
DOS 1995 Star Wars: Dark Forces
33%
Linux 2015 Star Wars: Dark Forces
33%
Macintosh 1995 Star Wars: Dark Forces
33%
PlayStation 1996 Star Wars: Dark Forces
33%
Windows 2009 Star Wars: Dark Forces
33%
Android 2015 Star Wars: Galaxy of Heroes
33%
iPhone 2015 Star Wars: Galaxy of Heroes
33%
SNES 1992 Super Star Wars
33%
PlayStation 4 2020 Vader Immortal: A Star Wars VR Series
33%
Oculus 2019 Vader Immortal: Episode I
33%
Windows 2019 Vader Immortal: Episode I
33%
Oculus 2019 Vader Immortal: Episode II
33%
Windows 2019 Vader Immortal: Episode II
33%
Oculus 2019 Vader Immortal: Episode III
33%
Windows 2019 Vader Immortal: Episode III
33%
Android 2012 Angry Birds: Star Wars
28%
Blackberry 2013 Angry Birds: Star Wars
28%
Browser 2012 Angry Birds: Star Wars
28%
iPhone 2012 Angry Birds: Star Wars
28%
Macintosh 2012 Angry Birds: Star Wars
28%
Nintendo 3DS 2013 Angry Birds: Star Wars
28%
PlayStation 3 2013 Angry Birds: Star Wars
28%
PlayStation 4 2013 Angry Birds: Star Wars
28%
PS Vita 2013 Angry Birds: Star Wars
28%
Wii 2013 Angry Birds: Star Wars
28%
Wii U 2013 Angry Birds: Star Wars
28%
Windows 2012 Angry Birds: Star Wars
28%
Windows Phone 2012 Angry Birds: Star Wars
28%
Xbox 360 2013 Angry Birds: Star Wars
28%
Xbox One 2013 Angry Birds: Star Wars
28%
Android 2013 Angry Birds: Star Wars II
28%
iPhone 2013 Angry Birds: Star Wars II
28%
Windows 2013 Angry Birds: Star Wars II
28%
Windows Phone 2013 Angry Birds: Star Wars II
28%
Nintendo 3DS 2013 Star Wars Pinball
28%
Nintendo Switch 2019 Star Wars Pinball
28%
Windows 2005 Star Wars: Republic Commando
28%
Xbox 2005 Star Wars: Republic Commando
28%
Nintendo 64 1998 Star Wars: Rogue Squadron 3D
28%
Windows 1998 Star Wars: Rogue Squadron 3D
28%
Nintendo 64 1996 Star Wars: Shadows of the Empire
28%
Windows 1997 Star Wars: Shadows of the Empire
28%
PlayStation 2 2001 Star Wars: Super Bombad Racing
28%
Nintendo DS 2009 Star Wars: The Clone Wars - Republic Heroes
28%
PlayStation 2 2009 Star Wars: The Clone Wars - Republic Heroes
28%
PlayStation 3 2009 Star Wars: The Clone Wars - Republic Heroes
28%
PSP 2009 Star Wars: The Clone Wars - Republic Heroes
28%
Wii 2009 Star Wars: The Clone Wars - Republic Heroes
28%
Windows 2009 Star Wars: The Clone Wars - Republic Heroes
28%
Xbox 360 2009 Star Wars: The Clone Wars - Republic Heroes
28%
Game Boy 1995 Super Star Wars: Return of the Jedi
28%
Game Gear 1995 Super Star Wars: Return of the Jedi
28%
SNES 1994 Super Star Wars: Return of the Jedi
28%
SNES 1993 Super Star Wars: The Empire Strikes Back
28%
Android 2014 Star Wars: Commander
22%
iPhone 2014 Star Wars: Commander
22%
Windows 2016 Star Wars: Commander
22%
Windows Phone 2014 Star Wars: Commander
22%
Amstrad CPC 1988 Star Wars: Droids
22%
Commodore 64 1988 Star Wars: Droids
22%
ZX Spectrum 1988 Star Wars: Droids
22%
Macintosh 2007 Star Wars: Empire at War
22%
Windows 2006 Star Wars: Empire at War
22%
Nintendo 64 2000 Star Wars: Episode I - Battle for Naboo
22%
Windows 2001 Star Wars: Episode I - Battle for Naboo
22%
Dreamcast 2000 Star Wars: Episode I - Jedi Power Battles
22%
PlayStation 2000 Star Wars: Episode I - Jedi Power Battles
22%
Game Boy Advance 2003 Star Wars: Flight of the Falcon
22%
Windows 2003 Star Wars: Galaxies - An Empire Divided
22%
Game Boy Advance 2001 Star Wars: Jedi Power Battles
22%
Nintendo DS 2006 Star Wars: Lethal Alliance
22%
PSP 2006 Star Wars: Lethal Alliance
22%
PlayStation 1997 Star Wars: Masters of Teräs Käsi
22%
GameCube 2003 Star Wars: Rogue Squadron III - Rebel Strike
22%
GameCube 2001 Star Wars: Rogue Squadron II - Rogue Leader
22%
Windows 1997 Star Wars: X-Wing vs. TIE Fighter
22%
Game Boy Color 1999 Star Wars: Yoda Stories
22%
Windows 1997 Star Wars: Yoda Stories
22%
DOS 1993 The Software Toolworks' Star Wars Chess
22%
SEGA CD 1994 The Software Toolworks' Star Wars Chess
22%
Windows 3.x 1993 The Software Toolworks' Star Wars Chess
22%
Dreamcast 2000 Star Wars: Demolition
17%
PlayStation 2000 Star Wars: Demolition
17%
Windows 2000 Star Wars: Force Commander
17%
Oculus 2021 Star Wars Pinball VR
17%
PlayStation 4 2021 Star Wars Pinball VR
17%
Windows 2021 Star Wars Pinball VR
17%
iPhone 2012 Star Wars: Pit Droids
17%
Macintosh 2000 Star Wars: Pit Droids
17%
Windows 1999 Star Wars: Pit Droids
17%
Nintendo DS 2008 Star Wars: The Clone Wars - Jedi Alliance
17%
Wii 2008 Star Wars: The Clone Wars - Lightsaber Duels
17%
Game Boy Advance 2002 Star Wars: The New Droid Army
17%
Android 2013 Star Wars: Tiny Death Star
17%
iPhone 2013 Star Wars: Tiny Death Star
17%
Windows Phone 2013 Star Wars: Tiny Death Star
17%
Android 2015 Star Wars: Uprising
17%
iPhone 2015 Star Wars: Uprising
17%
Windows 1999 Star Wars: X-Wing Alliance
17%
iPhone 2021 LEGO Star Wars: Castaways
11%
Macintosh 2021 LEGO Star Wars: Castaways
11%
PC-98 1992 Star Wars: Attack on the Death Star
11%
Sharp X68000 1991 Star Wars: Attack on the Death Star
11%
Macintosh 1998 Star Wars: DroidWorks
11%
Windows 1998 Star Wars: DroidWorks
11%
Game Boy Color 2000 Star Wars: Episode I - Obi-Wan's Adventures
11%
Macintosh 1999 Star Wars: Episode I - The Gungan Frontier
11%
Windows 1999 Star Wars: Episode I - The Gungan Frontier
11%
Macintosh 2002 Star Wars: Galactic Battlegrounds
11%
Windows 2001 Star Wars: Galactic Battlegrounds
11%
J2ME 2006 Star Wars: Imperial Ace
11%
Atari 2600 1983 Star Wars: Jedi Arena
11%
Android 2018 Star Wars Pinball 7
11%
iPhone 2013 Star Wars Pinball 7
11%
PlayStation 2 2002 Star Wars: Racer Revenge
11%
3DO 1994 Star Wars: Rebel Assault
11%
DOS 1993 Star Wars: Rebel Assault
11%
Macintosh 1993 Star Wars: Rebel Assault
11%
SEGA CD 1994 Star Wars: Rebel Assault
11%
DOS 1995 Star Wars: Rebel Assault II - The Hidden Empire
11%
Macintosh 1995 Star Wars: Rebel Assault II - The Hidden Empire
11%
PlayStation 1996 Star Wars: Rebel Assault II - The Hidden Empire
11%
Windows 1995 Star Wars: Rebel Assault II - The Hidden Empire
11%
Windows 1998 Star Wars: Rebellion
11%
Atari 2600 1983 Star Wars: Return of the Jedi - Death Star Battle
11%
Atari 5200 1984 Star Wars: Return of the Jedi - Death Star Battle
11%
Atari 8-bit 1983 Star Wars: Return of the Jedi - Death Star Battle
11%
ZX Spectrum 1984 Star Wars: Return of the Jedi - Death Star Battle
11%
Oculus 2020 Star Wars: Tales from the Galaxy's Edge
11%
Browser 2010 Star Wars: Trench Run
11%
iPhone 2009 Star Wars: Trench Run
11%
Android 2014 LEGO Star Wars: Microfighters
6%
iPhone 2014 LEGO Star Wars: Microfighters
6%
Browser 2014 LEGO Star Wars: The New Yoda Chronicles
6%
iPhone 2014 LEGO Star Wars: The New Yoda Chronicles
6%
Macintosh 1999 Star Wars: Anakin's Speedway
6%
Windows 1999 Star Wars: Anakin's Speedway
6%
Arcade 1994 Star Wars Arcade
6%
SEGA 32X 1994 Star Wars Arcade
6%
iPhone 2010 Star Wars Arcade: Falcon Gunner
6%
Android 2014 Star Wars: Assault Team
6%
iPhone 2014 Star Wars: Assault Team
6%
J2ME 2005 Star Wars: Battle Above Coruscant
6%
J2ME 2005 Star Wars: Battle for the Republic
6%
Nintendo DS 2009 Star Wars: Battlefront - Elite Squadron
6%
PSP 2009 Star Wars: Battlefront - Elite Squadron
6%
PSP 2007 Star Wars: Battlefront - Renegade Squadron
6%
Arcade 2015 Star Wars: Battle Pod
6%
iPhone 2010 Star Wars: Cantina
6%
J2ME 2010 Star Wars: Cantina
6%
Windows Phone 2010 Star Wars: Cantina
6%
Macintosh 2010 Star Wars: Clone Wars Adventures
6%
Windows 2010 Star Wars: Clone Wars Adventures
6%
Android 2017 Star Wars: Droid Repair Bay
6%
Oculus 2018 Star Wars: Droid Repair Bay
6%
Windows 2017 Star Wars: Droid Repair Bay
6%
Android 2016 Star Wars: Force Arena
6%
iPhone 2017 Star Wars: Force Arena
6%
Android 2013 Star Wars: Force Collection
6%
iPhone 2013 Star Wars: Force Collection
6%
Android 2014 Star Wars: Galactic Defense
6%
iPhone 2014 Star Wars: Galactic Defense
6%
J2ME 2005 Star Wars: Grievous Getaway
6%
iPhone 2015 Star Wars: Heroes Path
6%
Macintosh 1999 Star Wars: Jar Jar's Journey Adventure Book
6%
Windows 1999 Star Wars: Jar Jar's Journey Adventure Book
6%
Android 2017 Star Wars: Jedi Challenges
6%
iPhone 2017 Star Wars: Jedi Challenges
6%
Macintosh 2000 Star Wars: Math - Jabba's Game Galaxy
6%
Windows 2000 Star Wars: Math - Jabba's Game Galaxy
6%
Windows 1997 Star Wars: Monopoly
6%
Android 2017 Star Wars: Puzzle Droids
6%
iPhone 2017 Star Wars: Puzzle Droids
6%
Android 2015 Star Wars Rebels: Recon Missions
6%
iPhone 2015 Star Wars Rebels: Recon Missions
6%
Windows Phone 2015 Star Wars Rebels: Recon Missions
6%
iPhone 2010 Star Wars: The Battle for Hoth
6%
Windows Phone 2010 Star Wars: The Battle for Hoth
6%
iPhone 2008 Star Wars: The Force Unleashed Mobile
6%
J2ME 2008 Star Wars: The Force Unleashed Mobile
6%
Game Boy Advance 2004 Star Wars Trilogy: Apprentice of the Force
6%
Arcade 1998 Star Wars Trilogy Arcade
6%
Macintosh 1999 Star Wars: Yoda's Challenge - Activity Center
6%
Windows 1999 Star Wars: Yoda's Challenge - Activity Center
6%
Windows 2016 Trials on Tatooine
6%
Xbox 360 2012 Kinect Star Wars
0%
Android 2016 LEGO Star Wars: Force Builder
0%
iPhone 2016 LEGO Star Wars: Force Builder
0%
Windows 2008 Star Wars: Galaxies - Trading Card Game
0%
Android 2021 Star Wars: Hunters
0%
iPhone 2022 Star Wars: Hunters
0%
iPhone 2014 Star Wars Journeys: The Phantom Menace
0%
Android 2019 Star Wars Lightsaber Academy
0%
iPhone 2019 Star Wars Lightsaber Academy
0%
Windows 1998 Star Wars: Millennium Falcon CD-ROM Playset
0%
Arcade 2000 Star Wars: Racer Arcade
0%
Android 2020 Star Wars: Starfighter Missions
0%
iPhone 2020 Star Wars: Starfighter Missions
0%
Browser 2008 Star Wars: The Clone Wars - Fierce Twilight
0%
Browser 2008 Star Wars: The Clone Wars - Path of the Jedi
0%
Windows 1996 The LucasArts Archives: Vol. II - Star Wars Collection
0%
No matching quizzes found
Score Distribution
Percent of People with Each Score
Percentile by Number Answered
Your Score History
You have not taken this quiz since the last reset